<?xml version="1.0" encoding="UTF-8"?>
<record
    xmlns:xsi="http://www.w3.org/2001/XMLSchema-instance"
    xsi:schemaLocation="http://www.loc.gov/MARC21/slim http://www.loc.gov/standards/marcxml/schema/MARC21slim.xsd"
    xmlns="http://www.loc.gov/MARC21/slim">

  <leader>01910nas a2200265Ia 4500</leader>
  <controlfield tag="001">R262-R5160</controlfield>
  <controlfield tag="003">IT-CnALBA</controlfield>
  <controlfield tag="008">170116c99999999xx ||||||||||||   ||und||</controlfield>
  <datafield tag="040" ind1=" " ind2=" ">
    <subfield code="a">IT-CnALBA</subfield>
    <subfield code="c">IT-CnALBA</subfield>
  </datafield>
  <datafield tag="041" ind1=" " ind2=" ">
    <subfield code="a">LATINO </subfield>
  </datafield>
  <datafield tag="100" ind1=" " ind2=" ">
    <subfield code="a">PIO XII, PAPA PACELLI EUGENIO.AA. VV.</subfield>
  </datafield>
  <datafield tag="210" ind1=" " ind2=" ">
    <subfield code="a">ACTA APOSTOLICAE SEDIS</subfield>
  </datafield>
  <datafield tag="222" ind1=" " ind2=" ">
    <subfield code="a">ACTA APOSTOLICAE SEDIS</subfield>
  </datafield>
  <datafield tag="245" ind1=" " ind2="0">
    <subfield code="a">ACTA APOSTOLICAE SEDIS, GENNAIO-DICEMBRE 1951.COMMENTARIUM OFFICIALE,'</subfield>
  </datafield>
  <datafield tag="250" ind1=" " ind2=" ">
    <subfield code="a">1a ed.</subfield>
  </datafield>
  <datafield tag="260" ind1=" " ind2=" ">
    <subfield code="a"> ROMAE</subfield>
    <subfield code="b">TYPIS POLIGLOTTIS VATICANIS. </subfield>
    <subfield code="c">1951 [1&#xB0; Ed.:1951 - Ed.Ling.Originale: 1951]</subfield>
  </datafield>
  <datafield tag="310" ind1=" " ind2=" ">
    <subfield code="a">MENSILE/VARIABILE</subfield>
  </datafield>
  <datafield tag="362" ind1=" " ind2=" ">
    <subfield code="a"> Anno: 43 (1951)</subfield>
  </datafield>
  <datafield tag="500" ind1=" " ind2=" ">
    <subfield code="a">INDICE GENERALE DEGLI ATTI DEL S. PADRE, LETTERE ENCICLICHE, ENCICLICA, DECRETALI,, COSTITUZIONI APOSTOLICHE, LETTERE APOSTOLICHE, CANONIZZAZIONI SOLENNI, XII DISCORSI RADIOFONICI. DELLE CONGREGAZIONI ROMANE. ATTI DEI TRIBUNALI, SACRA PENITENZIERIA E ROMANA ROTA, UFFICIO DELLA COMISSIONE BIBLICA. DIARIO DELLA CURIA ROMANA., UDIENZE SOLENNI, DELLA CONGREGAZIONE DEI RITI, DELLA SEGRETERIA DI STATO. NECROLOGI. DOCUMENTI IN ORDINE CRONOLOGICO, NOMI DI PERSONA. DIOCESI E VICARIATI, NOMI DI PERSONA, ANALITICO DELLE COSE NOTEVOLI.'</subfield>
  </datafield>
  <datafield tag="501" ind1=" " ind2=" ">
    <subfield code="a">Societ&#xE0; San Paolo EM - Piazza San Paolo, 14 - 12051 ALBA (CN)  (non commercial uses only) &#xAE; Copyright 2017</subfield>
  </datafield>
  <datafield tag="520" ind1=" " ind2=" ">
    <subfield code="a">INDICE GENERALE DEGLI ATTI DEL S. PADRE, LETTERE ENCICLICHE, ENCICLICA, DECRETALI,, COSTITUZIONI APOSTOLICHE, LETTERE APOSTOLICHE, CANONIZZAZIONI SOLENNI, XII DISCORSI RADIOFONICI. DELLE CONGREGAZIONI ROMANE. ATTI DEI TRIBUNALI, SACRA PENITENZIERIA E ROMANA ROTA, UFFICIO DELLA COMISSIONE BIBLICA. DIARIO DELLA CURIA ROMANA., UDIENZE SOLENNI, DELLA CONGREGAZIONE DEI RITI, DELLA SEGRETERIA DI STATO. NECROLOGI. DOCUMENTI IN ORDINE CRONOLOGICO, NOMI DI PERSONA. DIOCESI E VICARIATI, NOMI DI PERSONA, ANALITICO DELLE COSE NOTEVOLI.'</subfield>
  </datafield>
  <datafield tag="650" ind1=" " ind2=" ">
    <subfield code="a">ECCLESIOLOGIA</subfield>
  </datafield>
  <datafield tag="942" ind1=" " ind2=" ">
    <subfield code="c">CR</subfield>
  </datafield>
  <datafield tag="957" ind1=" " ind2=" ">
    <subfield code="7">1</subfield>
  </datafield>
  <datafield tag="999" ind1=" " ind2=" ">
    <subfield code="a">49417</subfield>
    <subfield code="b">NO</subfield>
    <subfield code="g">1</subfield>
    <subfield code="c">323907</subfield>
    <subfield code="d">323907</subfield>
  </datafield>
  <datafield tag="952" ind1=" " ind2=" ">
    <subfield code="0">0</subfield>
    <subfield code="1">0</subfield>
    <subfield code="4">0</subfield>
    <subfield code="6">R_262R5160</subfield>
    <subfield code="7">1</subfield>
    <subfield code="a">ALBA</subfield>
    <subfield code="b">ALBA</subfield>
    <subfield code="d">2017-01-16</subfield>
    <subfield code="l">0</subfield>
    <subfield code="o">R262-R5160</subfield>
    <subfield code="r">2017-01-16 00:00:00</subfield>
    <subfield code="w">2017-01-16</subfield>
    <subfield code="y">CR</subfield>
    <subfield code="z">(data import: 16 gennaio 2017) - By Epidotti, Vaglietti. </subfield>
  </datafield>
</record>
